000 00542nam a2200193Ia 4500
005 20221207164131.0
008 131103s9999 xx 000 0 und d
020 _aSBN 871090877
040 _aLoreto College
041 _aEnglish
082 _a811.3
_bDIC-JOH
245 4 _aThe complete poems of Emily Dickinson
_cedited by Thomas H.Johnson
260 _aLondon
_bFaber and Faber
_c1970
300 _axi,770 p.
650 _aDickinson,Emily Elizabeth 1830 - 1886
700 _aJohnson,Thomas H.,ed.
850 _aLCLIB
942 _cBK
999 _c11635
_d62114